[Event "37. Torneo Internacional de La Roda"]
[Site "La Roda ESP"]
[Date "2010.04.03"]
[Round "7.22"]
[White "Forcen Esteban, Daniel"]
[Black "Rodriguez Melendez, Juan Humber"]
[Result "1-0"]
[WhiteElo "2343"]
[BlackElo "2057"]
[PlyCount "39"]
[EventDate "2010.03.31"]
[EventType "swiss"]
[EventRounds "9"]
[EventCountry "ESP"]
[Source "lmi"]
[SourceDate "2010.03.31"]

1. e4 c5 2. Nc3 Nc6 3. Bb5 Nd4 4. Bc4 d6 5. Nf3 Nf6 6. d3 a6 7. Nxd4 cxd4 8.
Ne2 b5 9. Bb3 Qb6 10. O-O e6 11. Ng3 Be7 12. Bg5 Qc5 13. f4 Bd7 14. Bxf6 gxf6
15. Qe1 O-O 16. Ne2 a5 17. Qh4 a4 18. Rf3 h5 19. Rg3+ Kh7 20. f5 1-0

[Event "37. Torneo Internacional de La Roda"]
[Site "La Roda ESP"]
[Date "2010.04.03"]
[Round "7.23"]
[White "Anton Guijarro, David"]
[Black "Ontanon Gomez, Pablo"]
[Result "1-0"]
[WhiteElo "2304"]
[BlackElo "1961"]
[PlyCount "83"]
[EventDate "2010.03.31"]
[EventType "swiss"]
[EventRounds "9"]
[EventCountry "ESP"]
[Source "lmi"]
[SourceDate "2010.03.31"]

1. d4 Nf6 2. c4 c5 3. d5 b5 4. cxb5 a6 5. e3 axb5 6. Bxb5 Qa5+ 7. Nc3 Bb7 8.
Bd2 Qb6 9. Nf3 Nxd5 10. Nxd5 Bxd5 11. a4 Bc6 12. Bxc6 Nxc6 13. Bc3 d6 14. h4 e5
15. Rh3 Be7 16. Ng5 Bxg5 17. hxg5 O-O-O 18. Qd5 Nb4 19. Qd2 d5 20. a5 Qb5 21.
Bxb4 cxb4 22. a6 Kb8 23. a7+ Kb7 24. Qc2 g6 25. Rf3 Rhf8 26. Qb3 Qc4 27. Qa4 d4
28. Rf6 Qc5 29. Qa6+ Kc7 30. a8=Q Rxa8 31. Rxf7+ Rxf7 32. Qxa8 Kd7 33. Qa7+
Qxa7 34. Rxa7+ Ke6 35. Rxf7 Kxf7 36. exd4 exd4 37. f4 Ke6 38. g4 Kd5 39. f5
gxf5 40. gxf5 Ke5 41. f6 Ke6 42. Kd2 1-0

[Event "37. Torneo Internacional de La Roda"]
[Site "La Roda ESP"]
[Date "2010.04.03"]
[Round "7.24"]
[White "Gemy, Jose Daniel"]
[Black "Ibarra Jerez, Juan Miguel"]
[Result "1-0"]
[WhiteElo "2215"]
[BlackElo "2271"]
[PlyCount "145"]
[EventDate "2010.03.31"]
[EventType "swiss"]
[EventRounds "9"]
[EventCountry "ESP"]
[Source "lmi"]
[SourceDate "2010.03.31"]

1. Nf3 Nf6 2. c4 g6 3. g3 Bg7 4. Bg2 d6 5. O-O O-O 6. d3 c5 7. Nc3 Nc6 8. Rb1
Bd7 9. Bd2 Qc8 10. Re1 Bh3 11. Bh1 h6 12. a3 a5 13. Qc2 Qf5 14. Nd5 Nxd5 15. e4
Ne3 16. Rxe3 Qh5 17. b4 axb4 18. axb4 f5 19. exf5 Qxf5 20. Be1 cxb4 21. Bg2
Bxg2 22. Kxg2 Qc5 23. d4 Qh5 24. Qe4 Ra2 25. g4 Qa5 26. Qxg6 Rf6 27. Qe4 e5 28.
dxe5 dxe5 29. Rd1 Rf4 30. Qg6 Qc7 31. h3 Ra8 32. g5 Qf7 33. Qxf7+ Rxf7 34. Rb1
Rf4 35. gxh6 Bf6 36. Bxb4 Kh7 37. Bd6 Rg8+ 38. Kf1 Rxc4 39. Rxb7+ Kxh6 40. Nxe5
Rc1+ 41. Ke2 Nd4+ 42. Kd3 Rd1+ 43. Ke4 Nc2 44. Re2 Rd4+ 45. Kf3 Bh4 46. Ng4+
Rdxg4 47. hxg4 Nd4+ 48. Ke3 Nxe2 49. Kxe2 Rxg4 50. Ke3 Bxf2+ 51. Kxf2 Rd4 52.
Be5 Re4 53. Rb5 Kg5 54. Kf3 Ra4 55. Bf4+ Kf6 56. Kg4 Ke6 57. Re5+ Kd7 58. Kf5
Kc6 59. Be3 Rc4 60. Ke6 Rc2 61. Bd4 Rc4 62. Rd5 Rc2 63. Be5 Re2 64. Rd8 Kb5 65.
Kd5 Rc2 66. Rb8+ Ka4 67. Bd4 Rc1 68. Ke4 Rd1 69. Bc3 Rd7 70. Bd4 Ka5 71. Kd3
Ka6 72. Kc4 Rb7 73. Ra8+ 1-0

[Event "37. Torneo Internacional de La Roda"]
[Site "La Roda ESP"]
[Date "2010.04.04"]
[Round "8.1"]
[White "Ortiz Suarez, Isan Reynaldo"]
[Black "Diamant, Andre"]
[Result "1/2-1/2"]
[WhiteElo "2527"]
[BlackElo "2486"]
[PlyCount "34"]
[EventDate "2010.03.31"]
[EventType "swiss"]
[EventRounds "9"]
[EventCountry "ESP"]
[Source "lmi"]
[SourceDate "2010.03.31"]

1. e4 c5 2. Nf3 e6 3. d4 cxd4 4. Nxd4 a6 5. Bd3 Bc5 6. Nc3 Ba7 7. Qe2 Nc6 8.
Nb3 d6 9. Be3 Nge7 10. O-O-O b5 11. f4 b4 12. Na4 Bd7 13. e5 Nd5 14. Bxa7 Nxa7
15. f5 Qg5+ 16. Kb1 Bxa4 17. fxe6 fxe6 1/2-1/2

[Event "37. Torneo Internacional de La Roda"]
[Site "La Roda ESP"]
[Date "2010.04.04"]
[Round "8.5"]
[White "Almeida Quintana, Omar"]
[Black "Chueca Forcen, Alberto"]
[Result "1/2-1/2"]
[WhiteElo "2540"]
[BlackElo "2282"]
[PlyCount "243"]
[EventDate "2010.03.31"]
[EventType "swiss"]
[EventRounds "9"]
[EventCountry "ESP"]
[Source "lmi"]
[SourceDate "2010.03.31"]

1. d4 d5 2. Nf3 c5 3. g3 cxd4 4. Nxd4 e5 5. Nb3 h6 6. Bg2 Nf6 7. O-O Be7 8. Nc3
Be6 9. Qd3 Nc6 10. Rd1 O-O 11. a3 d4 12. Na4 Bd5 13. e4 Bxb3 14. Qxb3 Qb8 15.
c4 dxc3 16. Nxc3 Nd4 17. Qa2 Rd8 18. Bd2 Qd6 19. Be1 Qa6 20. Bf1 Qc6 21. Bg2
Qa6 22. b4 Rac8 23. Qb2 Qe6 24. h3 Qb3 25. Qxb3 Nxb3 26. Rab1 Rxd1 27. Nxd1 Nd4
28. Ne3 g6 29. f3 Kg7 30. Kf2 Nd7 31. Bf1 Nb6 32. Bd3 Bg5 33. Ng4 f6 34. h4 Bc1
35. Ne3 Bxe3+ 36. Kxe3 Nc2+ 37. Ke2 Nxe1 38. Rxe1 Nd7 39. Rd1 Nf8 40. Bb1 Rc3
41. Ba2 Rxa3 42. Bd5 Rc3 43. Ra1 a6 44. Bxb7 Rb3 45. Rxa6 Rb2+ 46. Kd3 Rxb4 47.
Bd5 h5 48. Ra7+ Kh6 49. Rf7 Nh7 50. f4 Ra4 51. Ke3 Ra3+ 52. Kf2 Rc3 53. Re7
exf4 54. gxf4 Rc8 55. e5 fxe5 56. fxe5 g5 57. Be4 Nf8 58. e6 gxh4 59. Rf7 Nxe6
60. Rf6+ Kg5 61. Rxe6 Rb8 62. Bf3 Rb2+ 63. Be2 h3 64. Re5+ Kg6 65. Re3 h4 66.
Re4 Kf5 67. Rxh4 Rb3 68. Bf3 Rb2+ 69. Kg3 h2 70. Bg2 Kg5 71. Rxh2 Rb6 72. Bf3
Rh6 73. Ra2 Rf6 74. Be4 Kh6 75. Kg4 Rd6 76. Kf5 Kg7 77. Ra7+ Kf8 78. Ke5 Rh6
79. Bf5 Kg8 80. Rb7 Ra6 81. Bd3 Rh6 82. Rd7 Kf8 83. Bf5 Kg8 84. Be4 Kf8 85. Bd5
Rg6 86. Rf7+ Kg8 87. Be6 Rg7 88. Rf3+ Kh7 89. Bf5+ Kh6 90. Kf4 Re7 91. Rh3+ Kg7
92. Kg5 Kf8 93. Rh8+ Kg7 94. Rb8 Rc7 95. Rb6 Re7 96. Be6 Rc7 97. Bd5 Kf8 98.
Kf5 Ra7 99. Rb8+ Kg7 100. Rg8+ Kh7 101. Rg3 Ra6 102. Be6 Kh6 103. Kf6 Ra5 104.
Rg7 Ra6 105. Rg8 Ra7 106. Rg6+ Kh5 107. Rg3 Ra4 108. Rb3 Rd4 109. Bf5 Ra4 110.
Rb8 Kh4 111. Rg8 Ra6+ 112. Ke5 Ra4 113. Be4 Ra5+ 114. Kf4 Rc5 115. Rg1 Rc3 116.
Bd5 Ra3 117. Bc6 Rc3 118. Rg8 Rc4+ 119. Be4 Rc5 120. Bd5 Rxd5 121. Rh8+ Rh5
122. Rxh5+ 1/2-1/2

[Event "37. Torneo Internacional de La Roda"]
[Site "La Roda ESP"]
[Date "2010.04.04"]
[Round "8.6"]
[White "Burmakin, Vladimir"]
[Black "Rojas Keim, Luis"]
[Result "1-0"]
[WhiteElo "2604"]
[BlackElo "2421"]
[PlyCount "49"]
[EventDate "2010.03.31"]
[EventType "swiss"]
[EventRounds "9"]
[EventCountry "ESP"]
[Source "lmi"]
[SourceDate "2010.03.31"]

1. d4 Nf6 2. Nf3 e6 3. g3 c5 4. Bg2 cxd4 5. O-O Be7 6. Nxd4 d6 7. c4 a6 8. Nc3
Qc7 9. b3 d5 10. Qd3 dxc4 11. Qxc4 Qxc4 12. bxc4 Nbd7 13. Na4 O-O 14. Rb1 Rd8
15. Nb3 a5 16. Bb2 Ra6 17. Rfd1 Nb8 18. Rxd8+ Bxd8 19. Nbc5 Ra7 20. Rd1 Nfd7
21. Be5 Be7 22. Bxb8 Nxb8 23. Nb6 Bxc5 24. Rd8+ Bf8 25. Nxc8 1-0

[Event "37. Torneo Internacional de La Roda"]
[Site "La Roda ESP"]
[Date "2010.04.04"]
[Round "8.7"]
[White "Antoli Royo, Joaquin Miguel"]
[Black "Rizouk, Aimen"]
[Result "1-0"]
[WhiteElo "2399"]
[BlackElo "2540"]
[PlyCount "83"]
[EventDate "2010.03.31"]
[EventType "swiss"]
[EventRounds "9"]
[EventCountry "ESP"]
[Source "lmi"]
[SourceDate "2010.03.31"]

1. e4 d6 2. d4 Nf6 3. Nc3 g6 4. Bg5 Bg7 5. e5 Nfd7 6. exd6 cxd6 7. Qd2 h6 8.
Be3 Na6 9. h4 Nf6 10. f3 Nb4 11. Bc4 d5 12. Bb3 Nc6 13. Nge2 Na5 14. Nf4 Nxb3
15. axb3 h5 16. Nd3 Bf5 17. Rg1 a6 18. Ne5 Rc8 19. Qe2 Nd7 20. g4 Be6 21. Bf4
hxg4 22. Nxg6 gxf3 23. Qd3 fxg6 24. Qxg6+ Bf7 25. Qxg7 Rg8 26. Qxg8+ Bxg8 27.
Rxg8+ Nf8 28. O-O-O Qb6 29. Rg3 Qf6 30. Bg5 Qf5 31. Rf1 f2 32. Rg2 Ne6 33.
Rgxf2 Qg4 34. Nxd5 Qxd4 35. Rf7 Kd7 36. Rd1 Qc5 37. Rxe7+ Kd6 38. Nb6+ Nd4 39.
Nxc8+ Kc6 40. Na7+ Qxa7 41. Re4 Nf5 42. Re6+ 1-0

[Event "37. Torneo Internacional de La Roda"]
[Site "La Roda ESP"]
[Date "2010.04.04"]
[Round "8.8"]
[White "Del Rio De Angelis, Salvador G"]
[Black "Kovacevic, Slobodan"]
[Result "1-0"]
[WhiteElo "2524"]
[BlackElo "2383"]
[PlyCount "207"]
[EventDate "2010.03.31"]
[EventType "swiss"]
[EventRounds "9"]
[EventCountry "ESP"]
[Source "lmi"]
[SourceDate "2010.03.31"]

1. d4 Nf6 2. c4 e6 3. Nc3 c5 4. d5 exd5 5. cxd5 d6 6. e4 g6 7. Nf3 a6 8. a4 Bg4
9. Be2 Bxf3 10. Bxf3 Nbd7 11. O-O Bg7 12. Be2 O-O 13. Bg5 Re8 14. Qc2 Qa5 15.
b3 Rac8 16. Bc4 Rb8 17. Ra2 Ng4 18. Nd1 Bd4 19. Kh1 Ngf6 20. f3 Kg7 21. Bd2 Qd8
22. a5 Qe7 23. Qc1 Ng8 24. Nf2 Kh8 25. Nh3 Bg7 26. Be1 Ne5 27. Be2 Nd7 28. Bg3
Ngf6 29. Bh4 Kg8 30. Nf2 Qf8 31. Bg5 Ra8 32. Re1 Reb8 33. Bf1 b5 34. axb6 Rxb6
35. f4 Ne8 36. Bc4 Kh8 37. Nd3 f6 38. Bh4 Nc7 39. Rf2 Qb8 40. e5 fxe5 41. fxe5
Nxe5 42. Nxe5 dxe5 43. Be7 Ne8 44. Bxc5 Rf6 45. Rxf6 Bxf6 46. Rf1 Bg7 47. Qa3
Nf6 48. Be7 Ng4 49. d6 Qa7 50. Qa2 Ne3 51. Re1 Nf5 52. Qxa6 Nxe7 53. dxe7 Qxa6
54. Bxa6 Bf6 55. b4 Bxe7 56. b5 Bd6 57. g3 Bc7 58. Rc1 Bb6 59. Rc6 Rb8 60. Kg2
Kg7 61. Kf3 Bg1 62. h3 h5 63. Ke4 Bd4 64. Rc7+ Kf6 65. Bb7 Re8 66. Bd5 Kg5 67.
Rc6 Rf8 68. Kd3 h4 69. gxh4+ Kxh4 70. Rxg6 Kxh3 71. b6 Bxb6 72. Rxb6 Rf4 73.
Ke3 Kg4 74. Re6 Kg5 75. Be4 Rf1 76. Rxe5+ Kf6 77. Rc5 Ke6 78. Kd4 Rd1+ 79. Bd3
Kd6 80. Rg5 Ke6 81. Rg6+ Kf7 82. Rb6 Ke7 83. Ke4 Kd7 84. Bc4 Kc7 85. Rg6 Kd7
86. Bd5 Kc7 87. Ke5 Re1+ 88. Be4 Rd1 89. Rc6+ Kd7 90. Rb6 Rc1 91. Rb7+ Rc7 92.
Rb8 Rc1 93. Bf5+ Ke7 94. Rb7+ Kd8 95. Kf6 Rd1 96. Be6 Rd2 97. Ke5 Rd1 98. Bd5
Kc8 99. Ra7 Kb8 100. Rg7 Rf1 101. Kd6 Rf6+ 102. Kd7 Ka7 103. Kc7 Ka6 104. Bc6
1-0

[Event "37. Torneo Internacional de La Roda"]
[Site "La Roda ESP"]
[Date "2010.04.04"]
[Round "8.9"]
[White "Espinosa Aranda, Angel"]
[Black "Gonzalez Vidal, Yuri"]
[Result "1/2-1/2"]
[WhiteElo "2383"]
[BlackElo "2512"]
[PlyCount "56"]
[EventDate "2010.03.31"]
[EventType "swiss"]
[EventRounds "9"]
[EventCountry "ESP"]
[Source "lmi"]
[SourceDate "2010.03.31"]

1. e4 c6 2. d4 d5 3. exd5 cxd5 4. c4 Nf6 5. Nc3 e6 6. c5 Be7 7. Nf3 O-O 8. b4
b6 9. Rb1 Ne4 10. Qc2 Nxc3 11. Qxc3 Qc7 12. Bd3 bxc5 13. bxc5 Nc6 14. O-O Bf6
15. Re1 Bd7 16. g3 Qa5 17. Qxa5 Nxa5 18. Bf4 Nc4 19. Bxc4 dxc4 20. Ne5 Bxe5 21.
Bxe5 Bc6 22. Rb4 Bd5 23. Kf1 f6 24. Bd6 Rfd8 25. Ke2 Kf7 26. Kd2 Kg6 27. Kc3
Kf5 28. h3 h5 1/2-1/2

[Event "37. Torneo Internacional de La Roda"]
[Site "La Roda ESP"]
[Date "2010.04.04"]
[Round "8.10"]
[White "Valmana Canto, Jaime"]
[Black "Plaskett, H James"]
[Result "1-0"]
[WhiteElo "2354"]
[BlackElo "2494"]
[PlyCount "118"]
[EventDate "2010.03.31"]
[EventType "swiss"]
[EventRounds "9"]
[EventCountry "ESP"]
[Source "lmi"]
[SourceDate "2010.03.31"]

1. e4 c5 2. Nc3 Nc6 3. Bb5 Nd4 4. Bc4 e6 5. Nf3 Nf6 6. O-O Qc7 7. d3 Nc6 8. Bg5
Be7 9. Re1 d6 10. h3 a6 11. a4 b6 12. Nh2 h6 13. Be3 g5 14. f4 gxf4 15. Bxf4
Bb7 16. Ng4 Nxg4 17. Qxg4 O-O-O 18. Qh5 Bg5 19. Rf1 Rdf8 20. Ne2 Kb8 21. Kh1
Rhg8 22. Bh2 Ne5 23. Ba2 Ng6 24. Rf2 Qe7 25. Raf1 Rg7 26. Ng3 Be3 27. Rf3 Bd4
28. c3 Be5 29. Qxh6 Rh8 30. Qxg7 Bxg7 31. Rxf7 Qe8 32. Rxg7 Rf8 33. Rxf8 Nxf8
34. h4 Qxa4 35. h5 Qxa2 36. Rg8 Qb1+ 37. Bg1 Qxd3 38. Rxf8+ Ka7 39. Rf3 Qd2 40.
Be3 Qe1+ 41. Kh2 Bxe4 42. Nxe4 Qh4+ 43. Rh3 Qxe4 44. h6 Qh7 45. Rg3 Qe4 46. Rh3
Qh7 47. Rg3 Qe4 48. Rg7+ Ka8 49. Bg5 d5 50. Kh3 Qe5 51. g4 Qe1 52. h7 Qf1+ 53.
Kg3 Qg1+ 54. Kf4 Qh2+ 55. Kf3 Qh3+ 56. Ke2 Qg2+ 57. Kd1 Qf3+ 58. Kc1 Qh1+ 59.
Kc2 Qe4+ 1-0

[Event "37. Torneo Internacional de La Roda"]
[Site "La Roda ESP"]
[Date "2010.04.04"]
[Round "8.11"]
[White "Cano Sanchez, Josue"]
[Black "Mekhitarian, Krikor Sevag"]
[Result "1/2-1/2"]
[WhiteElo "2343"]
[BlackElo "2490"]
[PlyCount "121"]
[EventDate "2010.03.31"]
[EventType "swiss"]
[EventRounds "9"]
[EventCountry "ESP"]
[Source "lmi"]
[SourceDate "2010.03.31"]

1. d4 Nf6 2. Nf3 e6 3. Bg5 h6 4. Bh4 d6 5. Nbd2 g5 6. Bg3 Nh5 7. e3 Bg7 8. Bd3
Qe7 9. c3 b6 10. Qa4+ c6 11. Qa3 Nxg3 12. hxg3 d5 13. Qxe7+ Kxe7 14. e4 dxe4
15. Bxe4 Bb7 16. Ne5 Rc8 17. f4 Nd7 18. Nxd7 Kxd7 19. fxg5 hxg5 20. Rh7 Rg8 21.
g4 Ke7 22. Ke2 Rad8 23. Nf3 f6 24. Ke3 Rd7 25. Re1 Kd6 26. Kd3 Rgd8 27. Kc2 Bf8
28. Rxd7+ Rxd7 29. Nd2 Rf7 30. Bg6 Rg7 31. Bd3 Rg8 32. Bc4 Bc8 33. Ne4+ Ke7 34.
Nd2 Rh8 35. d5 cxd5 36. Bxd5 Kf7 37. Be4 Bd6 38. Nf3 f5 39. Bd3 Kf6 40. Nd4 Rh2
41. Re2 fxg4 42. Be4 Bf4 43. Nc6 Ba6 44. Bd3 Bb7 45. Be4 g3 46. c4 Rh7 47. Bxh7
Bxc6 48. Be4 Be8 49. Re1 Bd6 50. Kd3 a5 51. b3 Bc5 52. Rh1 Ke5 53. Rh8 Bf7 54.
Rh3 Kf4 55. Rh7 Be8 56. Rh8 Bf7 57. Rh1 Ke5 58. Rh3 Kf4 59. Rh6 Ke5 60. Rh1 Be8
61. Rh6 1/2-1/2

[Event "37. Torneo Internacional de La Roda"]
[Site "La Roda ESP"]
[Date "2010.04.04"]
[Round "8.12"]
[White "Anton Guijarro, David"]
[Black "Larino Nieto, David"]
[Result "1-0"]
[WhiteElo "2304"]
[BlackElo "2462"]
[PlyCount "65"]
[EventDate "2010.03.31"]
[EventType "swiss"]
[EventRounds "9"]
[EventCountry "ESP"]
[Source "lmi"]
[SourceDate "2010.03.31"]

1. Nf3 d5 2. c4 e6 3. g3 Nf6 4. Bg2 c5 5. O-O Nc6 6. d3 Bd6 7. Bg5 d4 8. Nbd2
h6 9. Bxf6 gxf6 10. a3 f5 11. Rb1 h5 12. b4 cxb4 13. axb4 Bxb4 14. Nxd4 Qxd4
15. Bxc6+ bxc6 16. Rxb4 h4 17. Qa1 Qxa1 18. Rxa1 hxg3 19. hxg3 e5 20. c5 Be6
21. Rba4 O-O 22. Nf3 f6 23. d4 Bd5 24. Nh4 f4 25. gxf4 Rf7 26. dxe5 Rg7+ 27.
Kh2 Rh7 28. Kg3 Rg7+ 29. Kh3 f5 30. Nxf5 Be6 31. e4 Kh7 32. R1a3 Rf7 33. Kg3
1-0

[Event "37. Torneo Internacional de La Roda"]
[Site "La Roda ESP"]
[Date "2010.04.04"]
[Round "8.13"]
[White "Forcen Esteban, Daniel"]
[Black "Suba, Mihai"]
[Result "1-0"]
[WhiteElo "2343"]
[BlackElo "2451"]
[PlyCount "73"]
[EventDate "2010.03.31"]
[EventType "swiss"]
[EventRounds "9"]
[EventCountry "ESP"]
[Source "lmi"]
[SourceDate "2010.03.31"]

1. e4 c5 2. Nf3 d6 3. d4 Nf6 4. Nc3 cxd4 5. Nxd4 e6 6. g4 h6 7. h4 Nc6 8. Rg1
h5 9. gxh5 Nxh5 10. Bg5 Qb6 11. Nb3 a6 12. Be2 g6 13. Qd2 Bd7 14. Rg2 Rc8 15.
O-O-O Qc7 16. f4 b5 17. f5 Ne5 18. fxg6 fxg6 19. Bxh5 Rxh5 20. Rf2 b4 21. Ne2
Qc4 22. Kb1 Rxg5 23. hxg5 Qxe4 24. Rf4 Qc6 25. Ned4 Qd5 26. Qh2 Nf7 27. Rdf1 e5
28. Rxf7 Qxf7 29. Rxf7 Kxf7 30. Qf2+ Kg8 31. Nf3 Bf5 32. Ne1 Rc4 33. Qd2 Rg4
34. Qd5+ Kg7 35. Qb7+ Kg8 36. Qxa6 d5 37. Qc6 1-0

[Event "37. Torneo Internacional de La Roda"]
[Site "La Roda ESP"]
[Date "2010.04.04"]
[Round "8.14"]
[White "Monroy, Charles"]
[Black "Cruz Lledo, Pablo"]
[Result "1-0"]
[WhiteElo "2449"]
[BlackElo "2232"]
[PlyCount "107"]
[EventDate "2010.03.31"]
[EventType "swiss"]
[EventRounds "9"]
[EventCountry "ESP"]
[Source "lmi"]
[SourceDate "2010.03.31"]

1. Nf3 d5 2. d4 Nf6 3. c4 c6 4. e3 Bf5 5. Nc3 e6 6. Nh4 Bg4 7. Qb3 Qb6 8. c5
Qc7 9. h3 Bh5 10. g4 Bg6 11. Nxg6 hxg6 12. Bg2 Nbd7 13. Bd2 b6 14. cxb6 Nxb6
15. Qc2 Nc4 16. Na4 Nxd2 17. Qxd2 Nd7 18. O-O Nb6 19. Qc2 Nxa4 20. Qxa4 Rb8 21.
Rfc1 Kd7 22. Rc2 Rb4 23. Qa6 Rb6 24. Qe2 Bd6 25. e4 Qb7 26. Qf3 Rf8 27. b3 Ba3
28. Rd1 a5 29. h4 Bd6 30. h5 g5 31. e5 Be7 32. Qd3 Rh8 33. Rf1 Rb4 34. Rd1 Rb6
35. Qe3 Rb4 36. Rd3 g6 37. Qf3 Rh7 38. Qd1 Bd8 39. Rdc3 Rb6 40. Bf1 gxh5 41.
gxh5 Be7 42. a4 Kd8 43. Qc1 c5 44. Bb5 Rxh5 45. dxc5 Rxb5 46. c6 Qc7 47. axb5
Qxe5 48. c7+ Kc8 49. b6 Qh2+ 50. Kf1 Qh1+ 51. Ke2 Qe4+ 52. Qe3 Qxe3+ 53. fxe3
Rh2+ 54. Kd3 1-0

[Event "37. Torneo Internacional de La Roda"]
[Site "La Roda ESP"]
[Date "2010.04.04"]
[Round "8.15"]
[White "Guadamuro Torrente, Anabel"]
[Black "Guerra Bastida, Diego"]
[Result "0-1"]
[WhiteElo "2090"]
[BlackElo "2432"]
[PlyCount "132"]
[EventDate "2010.03.31"]
[EventType "swiss"]
[EventRounds "9"]
[EventCountry "ESP"]
[Source "lmi"]
[SourceDate "2010.03.31"]

1. e4 d6 2. d4 Nf6 3. Nc3 g6 4. Nf3 Bg7 5. h3 O-O 6. Be3 a6 7. a4 Nc6 8. Be2 e5
9. dxe5 dxe5 10. Bc5 Re8 11. Bc4 Be6 12. Bxe6 fxe6 13. O-O Nd7 14. Be3 Qe7 15.
Bg5 Qf7 16. Qd2 Nd4 17. Nxd4 exd4 18. Ne2 Nc5 19. Ng3 Qd7 20. Qb4 Qc6 21. Qc4
b5 22. axb5 axb5 23. Qe2 Rxa1 24. Rxa1 Na4 25. Rb1 Qc4 26. b3 Qxe2 27. Nxe2 Nc5
28. f3 Nd7 29. Rd1 c5 30. b4 e5 31. bxc5 Nxc5 32. Rb1 Rc8 33. c3 Na4 34. Rxb5
h6 35. cxd4 exd4 36. Bf4 g5 37. Rb4 d3 38. Nc1 Nb2 39. Bd2 Rc2 40. Be3 d2 41.
Bxd2 Rxd2 42. Nb3 Rd1+ 43. Kf2 Rd8 44. Ke2 Nd3 45. Rb7 Nf4+ 46. Kf2 Rc8 47. Kg3
Rc2 48. Kg4 Nxg2 49. Kf5 Nh4+ 50. Ke6 Nxf3 51. Rb8+ Kh7 52. Rb7 Rc3 53. Kd5
Rd3+ 54. Kc4 Ne5+ 55. Kc5 Rxh3 56. Nd4 Rc3+ 57. Kd5 Kg6 58. Nf5 Bf6 59. Rb6 Nd7
60. Ra6 Rd3+ 61. Kc4 Ne5+ 62. Kc5 g4 63. Ne7+ Kg5 64. Nd5 Rf3 65. Ra8 g3 66.
Rg8+ Ng6 0-1

[Event "37. Torneo Internacional de La Roda"]
[Site "La Roda ESP"]
[Date "2010.04.04"]
[Round "8.16"]
[White "Cori Tello, Jorge"]
[Black "Gemy, Jose Daniel"]
[Result "0-1"]
[WhiteElo "2500"]
[BlackElo "2215"]
[PlyCount "64"]
[EventDate "2010.03.31"]
[EventType "swiss"]
[EventRounds "9"]
[EventCountry "ESP"]
[Source "lmi"]
[SourceDate "2010.03.31"]

1. e4 g6 2. d4 Bg7 3. Be3 d6 4. Nc3 Nd7 5. Qd2 c6 6. a4 a5 7. f4 Ngf6 8. Nf3
Qc7 9. e5 Nd5 10. Nxd5 cxd5 11. Bd3 e6 12. h4 h5 13. Ng5 Nb6 14. b3 Bd7 15. O-O
Nc8 16. c4 Ne7 17. Rac1 Bc6 18. cxd5 Nxd5 19. Ne4 Rd8 20. Bc4 Nxe3 21. Qxe3 d5
22. Nd6+ Rxd6 23. exd6 Qb6 24. Rfd1 dxc4 25. bxc4 O-O 26. c5 Qb2 27. Qg3 Bxa4
28. Rb1 Qe2 29. Re1 Bxd4+ 30. Kh2 Qa2 31. Qd3 Qf2 32. Qg3 Bc6 0-1

[Event "37. Torneo Internacional de La Roda"]
[Site "La Roda ESP"]
[Date "2010.04.04"]
[Round "8.17"]
[White "Pap, Misa"]
[Black "Camacho Collados, Marcos"]
[Result "1-0"]
[WhiteElo "2521"]
[BlackElo "2279"]
[PlyCount "114"]
[EventDate "2010.03.31"]
[EventType "swiss"]
[EventRounds "9"]
[EventCountry "ESP"]
[Source "lmi"]
[SourceDate "2010.03.31"]

1. e4 e5 2. Nf3 Nf6 3. Nxe5 d6 4. Nf3 Nxe4 5. Nc3 Nf6 6. d4 d5 7. Bd3 Be7 8.
Ne2 Ne4 9. Ng3 Nd6 10. O-O O-O 11. c3 Nd7 12. Qc2 Nf6 13. Ne5 Re8 14. b3 Bf8
15. c4 c6 16. Bf4 Nde4 17. Rad1 g6 18. Rfe1 Bb4 19. Rf1 Bf8 20. Bc1 Bg7 21. c5
Qc7 22. b4 Nxg3 23. fxg3 Be6 24. Bf4 Qc8 25. b5 Ng4 26. Nf3 Nh6 27. bxc6 bxc6
28. Qa4 Bg4 29. Ba6 Qd7 30. Rb1 Bxf3 31. gxf3 Nf5 32. Rfd1 Re6 33. Rb7 Qe8 34.
Qb4 h6 35. Kf2 Ne3 36. Rd2 g5 37. Bc7 Nf5 38. g4 Nh4 39. Rb8 Rxb8 40. Qxb8 Qxb8
41. Bxb8 f5 42. h3 fxg4 43. hxg4 Re8 44. Bd6 Bf8 45. Bg3 Bg7 46. Bb7 Re6 47.
Bd6 Rf6 48. Rd3 Bf8 49. Bxc6 Bxd6 50. Bxd5+ Kg7 51. cxd6 Rxd6 52. Be4 Ng6 53.
Rc3 Ra6 54. Rc7+ Kf6 55. Rc6+ Rxc6 56. Bxc6 Ke6 57. Ke3 Nf4 1-0

[Event "37. Torneo Internacional de La Roda"]
[Site "La Roda ESP"]
[Date "2010.04.04"]
[Round "8.18"]
[White "Llorente Zaro, Alfonso"]
[Black "Serna Lara, Sergio"]
[Result "1-0"]
[WhiteElo "2456"]
[BlackElo "2263"]
[PlyCount "45"]
[EventDate "2010.03.31"]
[EventType "swiss"]
[EventRounds "9"]
[EventCountry "ESP"]
[Source "lmi"]
[SourceDate "2010.03.31"]

1. c4 e5 2. Nc3 Nf6 3. Nf3 Nc6 4. a3 d5 5. cxd5 Nxd5 6. d3 Be7 7. g3 Be6 8. Bg2
O-O 9. O-O Nb6 10. b4 f6 11. Bb2 Qd7 12. Ne4 Rfd8 13. Rc1 Rac8 14. Qc2 Bh3 15.
Rfd1 Bxg2 16. Kxg2 Nd4 17. Bxd4 exd4 18. Nc5 Qd5 19. Nb3 f5 20. Nbxd4 g5 21. e4
fxe4 22. dxe4 Qf7 23. Ne5 1-0

[Event "37. Torneo Internacional de La Roda"]
[Site "La Roda ESP"]
[Date "2010.04.04"]
[Round "8.19"]
[White "Granero Roca, Antonio"]
[Black "Pena Riasco, Alexander"]
[Result "1-0"]
[WhiteElo "2447"]
[BlackElo "2218"]
[PlyCount "50"]
[EventDate "2010.03.31"]
[EventType "swiss"]
[EventRounds "9"]
[EventCountry "ESP"]
[Source "lmi"]
[SourceDate "2010.03.31"]

1. d4 Nf6 2. Nf3 d6 3. g3 g6 4. Bg2 Bg7 5. O-O O-O 6. a4 c5 7. c3 Nc6 8. Na3
cxd4 9. cxd4 Bf5 10. Nh4 Ne4 11. Nxf5 gxf5 12. e3 d5 13. f3 Nd6 14. Qb3 e6 15.
Bd2 Na5 16. Qd3 Qb6 17. Bc3 Qb3 18. Rfd1 Nac4 19. Nxc4 Nxc4 20. Qe2 Bh6 21. Rd3
Rfe8 22. g4 f4 23. e4 Bg5 24. Qf2 Rac8 25. Bf1 Ne3 1-0

[Event "37. Torneo Internacional de La Roda"]
[Site "La Roda ESP"]
[Date "2010.04.04"]
[Round "8.20"]
[White "Vidarte Morales, Arturo"]
[Black "Tudela Corbalan, Carlos"]
[Result "1-0"]
[WhiteElo "2438"]
[BlackElo "2199"]
[PlyCount "107"]
[EventDate "2010.03.31"]
[EventType "swiss"]
[EventRounds "9"]
[EventCountry "ESP"]
[Source "lmi"]
[SourceDate "2010.03.31"]

1. d4 Nf6 2. c4 g6 3. Nc3 Bg7 4. e4 O-O 5. f3 d6 6. Bg5 h6 7. Be3 Nc6 8. Nge2
a6 9. Qd2 h5 10. Nc1 Rb8 11. Nb3 b6 12. Be2 Qe8 13. O-O e5 14. d5 Ne7 15. a4
Nh7 16. a5 f5 17. axb6 cxb6 18. Na4 f4 19. Bf2 Qd8 20. Qb4 b5 21. cxb5 g5 22.
Qa5 Qe8 23. Nb6 g4 24. bxa6 g3 25. a7 Rxb6 26. Qxb6 Qg6 27. Rfc1 Ng5 28. h4
Nh3+ 29. Kf1 gxf2 30. a8=Q Qg3 31. Qaa7 Bf6 32. Qxf2 Nxf2 33. Qxf2 Qh2 34. Qg1
Qg3 35. Ra8 Bxh4 36. Bd3 Kh8 37. Ke2 Rg8 38. Kd2 Bf6 39. Be2 h4 40. Qf1 Qh2 41.
Qh1 Qg3 42. Kd1 Qf2 43. Qf1 Qb6 44. Rc3 h3 45. Qh1 Bh4 46. Raxc8 Rxc8 47. Rxc8+
Nxc8 48. Nc1 Qxb2 49. Qxh3 Qd4+ 50. Nd3 Qa4+ 51. Kc1 Qa3+ 52. Kb1 Qb3+ 53. Nb2
Nb6 54. Qxh4+ 1-0

[Event "37. Torneo Internacional de La Roda"]
[Site "La Roda ESP"]
[Date "2010.04.04"]
[Round "8.21"]
[White "Bermejo Martinez, Jorge"]
[Black "Cori Tello, Deysi"]
[Result "0-1"]
[WhiteElo "2267"]
[BlackElo "2434"]
[PlyCount "74"]
[EventDate "2010.03.31"]
[EventType "swiss"]
[EventRounds "9"]
[EventCountry "ESP"]
[Source "lmi"]
[SourceDate "2010.03.31"]

1. d4 Nf6 2. c4 e6 3. Nc3 d5 4. cxd5 exd5 5. Bg5 c6 6. Qc2 Be7 7. e3 Be6 8. Bd3
h6 9. Bh4 Nbd7 10. Nge2 Rc8 11. O-O O-O 12. Rfd1 c5 13. Bf5 Qb6 14. Bxe6 fxe6
15. Qb3 Qa6 16. Nf4 Rf7 17. Ng6 Bd6 18. Bg3 Bxg3 19. hxg3 Ng4 20. Rd2 Nf8 21.
Nh4 Qd6 22. dxc5 Qxc5 23. Qb5 Qc7 24. Nf3 Ng6 25. Qa4 N6e5 26. Nxe5 Nxe5 27.
Qxa7 Qd6 28. Re2 b5 29. Qd4 b4 30. Nb5 Qb8 31. a4 Rc4 32. Qd2 Ng4 33. b3 Qe5
34. f3 Qxa1+ 35. Re1 Rc2 36. Rxa1 Rxd2 37. fxg4 Rff2 0-1